|
|
|
|
| LEADER |
00826cam a2200217 7i4500 |
| 001 |
0000037233 |
| 005 |
20170621090000.0 |
| 008 |
110330 eng |
| 020 |
|
|
|a 9788120322165 (pbk.)
|
| 090 |
0 |
0 |
|a HM1221
|b .C46 2007
|
| 100 |
1 |
|
|a Center, Allen H
|
| 245 |
1 |
0 |
|a Public relations practices :
|b managerial case studies and problems
|c Allen H. Center, Patrick Jackson.
|
| 250 |
|
|
|a 6th ed.
|
| 260 |
|
|
|a New Delhi:
|b Prentice-Hall of India Pvt. Ltd.,
|c 2007.
|
| 300 |
|
|
|a xiv, 418 p.:
|b ill.;
|c 24 cm.
|
| 504 |
|
|
|a Includes bibliographical references and index
|
| 650 |
0 |
0 |
|a Public relations
|
| 700 |
1 |
|
|a Jackson, Patrick
|
| 997 |
|
|
|a Education & Social Sciences, Faculty
|b Social Sciences, Department
|
| 998 |
|
|
|a Industrial Psychology, Degree
|
| 999 |
|
|
|a 0000043097
|b BOK
|c OPEN SHELF
|e 1st Floor, Bestari Jaya
|